| 000 | 00798nam a2200217 i 4500 | ||
|---|---|---|---|
| 001 | 82134 | ||
| 003 | ES-MaACL | ||
| 005 | 20251105063133.0 | ||
| 007 | t| | ||
| 008 | 041124q1920 sp ||||1| spa d | ||
| 100 | 1 |
_aScotti, Giulio Clemente, _d1602-1669 _9156654 |
|
| 245 | 1 | 3 |
_aLa monarquía jesuita / _cMelchor Inchoffer ; traducción de Dionisio Pérez y prólogo de José Ferrándiz. |
| 260 |
_aValencia : _bF. Sempere, _c[ca. 1920] |
||
| 300 |
_a197 p. ; _c19 cm. |
||
| 594 | _aObra falsamente atribuida a Inchoffer, su verdadero autor es Giulio Clemente Scotti. | ||
| 610 | 2 | 4 |
_aJesuitas- _vObras de controversia. _9151987 |
| 700 | 1 |
_aPérez, Dionisio, _d1871-1935 _990566 |
|
| 700 | 1 |
_aFerrándiz y Ruiz, José. _950280 |
|
| 852 | 4 |
_aES-MaACL _jD-3568 |
|
| 999 |
_c82134 _d82134 |
||